1666 1146 1012 1967 1222 1882 1056 1107 1611 1589 1604 1385 1721 1721 1036 1000 1343 1408 1316 1538 1654 1647 1609 1436 1500 1434 1357 1107 1873 1767 1715 1612 1915 1414 1395 1770 1372 1759 1172 1200 1220 1777 1453 1655 1712 1235 1189 1485 1868 1335 1852 1311 1522 1204 1265 1367 1038 1061 1027 1818 1137 1166 1901 1430 1550 1029 1870 1626 1410 1086 1235 1160 1597 1767 1938 1364 1638 1401 1181 1305 1596 1134 1676 1858 1591 1762 1398 1100 1143 1619 1451 1155 1513 1627 1386 1426 1267 1448 1320 BCNSPRNW ULIB Ver.6.0+V

เปลี่ยนเป็นภาษาไทย

Change to English
 แสดงรายละเอียดบรรณานุกรม
  กลับหน้าหลัก

Brief Record : Get Marc (ISO 2709) : E-mail record : QR code < ปิดหน้าต่าง
LEADER : 00000nam 2200000uu 4500
001    13399127220
003     ULIB
008    200227s2562||||th 000 0 tha d
020    ^a9786161141646
060  0 ^aWY157.3^bอ793ก
100 0  ^aอุดมวรรณ วันศรี และณัฐรินทร์ สกุลนิธิวัฒน์
245 00 ^aการพยาบาลมารดาหลังคลอด/^cอุดมวรรณ วันศรี และณัฐรินทร์ สกุลนิธิวัฒน์
260    ^aอุบลราชธานี:^bวิทยาลัยพยาบาลบรมราชชนนี สรรพสิทธิประสงค์,^c2562
650  0 ^aการพยาบาลมารดาหลังคลอด
650  0 ^aการพยาบาล- -มารดาหลังคลอด
856    ^a^zสารบัญ^uhttps://drive.google.com/open?id=1OuXCGAGSFEWES8TFJjPIdiXM_Ywd6rGQ
945    ^p90^l0^i006394
999    ^aประนอม เกษจรัล
รายการนี้ยังไม่มีแท็ก
คุณยังไม่ได้ล็อกอิน คุณสามารถมีกิจกรรมร่วมกับเว็บไซต์ได้ แต่ต้องล็อกอินก่อน ::
  ล็อกอิน

รายการสื่อสารสนเทศ

ลำดับที่ ประเภท เลขเรียก/บาร์โค้ด สถานที่ สถานะ
1. Book การพยาบาล
หนังสือสำรอง
สถานะ=หนังสือสำรอง
WY157.3 อ793ก ฉ.1 
  Barcode: 006394
ห้องสมุดวิทยาเขตสวรรค์ประชารักษ์
►หนังสือทั่วไป
ถูกยืม กำหนดส่งวันที่ 31 พฤษภาคม 2569
  จอง
*เพิ่งรับคืน

BibComment


ยังไม่เคยถูกคอมเมนท์

คอมเมนท์ทรัพยากรรายการนี้
  คอมเมนท์: การพยาบาลมารดาหล..


 Copyright 2026. Bcnsprnw @Library